Law of bail : (Record no. 81436)

MARC details
000 -LEADER
fixed length control field 00660nam a22001937a 4500
005 - DATE AND TIME OF LATEST TRANSACTION
control field 20140307105216.0
010 ## - LCCN (DPL NO)
LC control number ENG-108996
020 ## - INTERNATIONAL STANDARD BOOK NUMBER
International Standard Book Number 9788180389825
Terms of availability 950.00
035 ## - SYSTEM CONTROL NUMBER
System control number EN-92529
037 ## - SOURCE OF ACQUISITION
Source of stock number/acquisition DBAD/PUB
082 ## - DEWEY DECIMAL CLASSIFICATION NUMBER
Classification number 345.54
100 ## - MAIN ENTRY--PERSONAL NAME
Personal name Pandya, Asim
245 ## - TITLE STATEMENT
Title Law of bail :
Statement of responsibility, etc by Asim Pandya ; foreworded by D.H. Waghela
Remainder of title practice and procedure : essential court volume for practitioners /
260 ## - PUBLICATION, DISTRIBUTION, ETC. (IMPRINT)
Place of publication, distribution, etc Gurgaon
Name of publisher, distributor, etc Lexis Nexis
Date of publication, distribution, etc 2013
270 ## - ADDRESS
Address 14th floor, Building No 10, Tower-B, DLF Cyber City, Phase-ll,
City Gurgaon
Postal code 122002
300 ## - PHYSICAL DESCRIPTION
Extent xl,725p.
Dimensions 24cm(pbk)
500 ## - GENERAL NOTE
General note Includes index
942 ## - ADDED ENTRY ELEMENTS (KOHA)
Source of classification or shelving scheme Dewey Decimal Classification
Item type English Books
Call number suffix PAN
Classification part 345.54
Holdings
Withdrawn status Lost status Not for loan Collection code Home library Current library Date acquired Source of acquisition Cost, normal purchase price Full call number Barcode Copy number Cost, replacement price Koha item type
    Not For Loan Non-fiction D.B.Act.Division D.B.Act.Division 23/12/2013 DBAD/PUB 950.00 345.54 PAN EN-92529 1 950.00 English Books

© Delhi Public Library
Hit Counter
free hit counter